Electron and Lon Emission from Solids / (Record no. 180901)
[ view plain ]
| 000 -LEADER | |
|---|---|
| fixed length control field | 00689 a2200169 4500 |
| 003 - CONTROL NUMBER IDENTIFIER | |
| control field | Nust |
| 005 - DATE AND TIME OF LATEST TRANSACTION | |
| control field | 20230712115101.0 |
| 040 ## - CATALOGING SOURCE | |
| Transcribing agency | Nust |
| 082 ## - DEWEY DECIMAL CLASSIFICATION NUMBER | |
| Classification number | 537.53,JEN |
| 100 ## - MAIN ENTRY--PERSONAL NAME | |
| Personal name | Jenkins.R.O |
| 9 (RLIN) | 113575 |
| 245 ## - TITLE STATEMENT | |
| Title | Electron and Lon Emission from Solids / |
| Statement of responsibility, etc. | R.O.Jenkins and W.G Trodden |
| 260 ## - PUBLICATION, DISTRIBUTION, ETC. | |
| Place of publication, distribution, etc. | London |
| Name of publisher, distributor, etc. | Routledge Paul |
| Date of publication, distribution, etc. | 1965. |
| 300 ## - PHYSICAL DESCRIPTION | |
| Extent | 84:p |
| 505 ## - FORMATTED CONTENTS NOTE | |
| Formatted contents note | Electrons in Solids (Page-1), Atoms and Ions at Solid Surfaces (Page-12), Thermionic Emission of Electrons (Page-16), Field Emission of Electrons (Page-35), Photoelectric Emission of Electrons (Page-44), Secondary Emission of Electrons (Page-51), Emission of Ions (Page-71). |
| 650 ## - SUBJECT ADDED ENTRY--TOPICAL TERM | |
| Topical term or geographic name entry element | Electron |
| 9 (RLIN) | 100034 |
| 942 ## - ADDED ENTRY ELEMENTS (KOHA) | |
| Source of classification or shelving scheme | |
| Koha item type | Book Bank |
| Withdrawn status | Lost status | Source of classification or shelving scheme | Damaged status | Not for loan | Permanent Location | Current Location | Shelving location | Date acquired | Full call number | Barcode | Date last seen | Price effective from | Koha item type | Public note |
|---|---|---|---|---|---|---|---|---|---|---|---|---|---|---|
| Military College of Signals (MCS) | Military College of Signals (MCS) | General Stacks | 12/12/2016 | 537.53,JEN | MCS5532 | 12/08/2016 | 12/12/2016 | Book | Almirah No.77, Shelf No.3 |
